000 00682cam a2200229 a 4500
001 16130867
005 20180118081607.0
008 100311s2010 njua 001 0 eng
010 _a 2010010505
020 _a9781422477380 (hbk.)
040 _aDLC
_cDLC
041 _aeng
043 _an-us---
080 _a346.730482 CRA
082 0 0 _a346.730482 CRA
_222
100 _a14
101 _aJUR
245 0 0 _aCopyright law /
_cCraig Joyce ... [et al.].
906 _a7
_bcbc
_corignew
_d1
_eecip
_f20
_gy-gencatlg
942 _2ddc
_cBK
999 _c40489
_d40489